| 000 | 00754nas a2200265 4500 | ||
|---|---|---|---|
| 001 | BR8103949 | ||
| 003 | BR-BrBNA | ||
| 005 | 20231205084820.0 | ||
| 007 | ta | ||
| 008 | 230509b bl.|||p| |||| 00| 00por d | ||
| 040 |
_aBR-BrBNA _bpor _cBiblioteca Nacional de Agricultura |
||
| 041 | _a(Pt) | ||
| 072 | _aP12 | ||
| 100 | 1 | _aBeltrame, L.F.S. | |
| 100 | 1 | _aTaylor, J.C. | |
| 245 | 1 | _aDrenagem das varzeas: metodo, maquinas e materiais [Arroz] | |
| 650 | _aDRENAGEM | ||
| 650 | _aIRRIGACAO | ||
| 650 | _aARROZ | ||
| 650 | _aVARZEA | ||
| 650 | _aRIO GRANDE DO SUL | ||
| 773 | 0 |
_tLavoura Arrozeira (Brazil) _xISSN 0023-9143 _g(Sep 1981), v. 34(331) p. 34-36, 38-41 _wBR8103949 |
|
| 909 |
_a202311 _bLúcia _c55 _dLúcia Elande |
||
| 942 |
_2AGRIS _n0 _cANA |
||
| 999 |
_c107467 _d107467 |
||